| 000 | 00721nam a2200241 a 4500 | ||
|---|---|---|---|
| 005 | 20210219152842.0 | ||
| 008 | 991125n 000 0 eng u | ||
| 035 | _aUPN01000063193 | ||
| 100 | _aTwale, Darla J. | ||
| 222 | _aHIGHER EDUCATION | ||
| 245 | _aAffirmative action strategies and professional schools : case illustrations of examplary programs | ||
| 300 | _a177-192 | ||
| 362 | _a1992 24, No. 2 | ||
| 505 | _aMarzo 1993 | ||
| 653 | 0 | _aEDUCACION PROFESIONAL | |
| 653 | 0 | _aFACULTAD COLEGIAL | |
| 653 | 0 | _aMEDIDAS AFIRMATIVAS | |
| 653 | 0 | _aRECLUTAMIENTO DE ESTUDIANTES | |
| 653 | 0 | _aSERVICIOS PERSONALES A ESTUDIANTES | |
| 700 | _aDouvanis, Costas J. | ||
| 904 |
_aAC _b001004 |
||
| 905 | _aArticulo | ||
| 999 |
_c62017 _d62017 |
||